000 00253nam a2200097Ia 4500
001 711345
005 20250826162806.0
008 250824s9999 xx 000 0 und d
245 0 _aBİR GÖÇMEN KIZIN HİKAYESİ ABŞAR
_c HASAN SARI
260 _bATLIKARINCA
999 _c711345
_d711345